| 000 | 00750nam a22002171a 4500 | ||
|---|---|---|---|
| 999 |
_c11638 _d11638 |
||
| 001 | 11638 | ||
| 003 | BD-JhCC | ||
| 005 | 20200713094436.0 | ||
| 008 | 200713b2019 bg a|||| ||a| 000 0 ben d | ||
| 020 | _a9789845250801 | ||
| 035 | _a(BD-JhCC)11638 | ||
| 040 |
_aBD-JhCC _dBD-JhCC |
||
| 041 | _aben | ||
| 082 | _bALM 2019 | ||
| 100 | _aআলম, মাহবুব | ||
| 245 |
_aবেগমের কূটনৈতিক মিশন ও অন্যান্য: _bইতিহাসের বিস্মৃত সরস কাহিনি / _cমাহবুব আলম । |
||
| 260 |
_aঢাকা: _bপ্রথমা প্রকাশন; _c২০১৯. |
||
| 300 |
_a143 p. : _bill; _c22 cm. |
||
| 942 |
_2ddc _cBK |
||